Akta Kastam 1967:perintah kastam (larangan mengenai import) 1998 [P.U. (A) 210/98] & perintah kastam ( larangan mengenai eksport) 1998 [P.U. (A) 211/98] (Record no. 1431)
[ view plain ]
| 000 -LEADER | |
|---|---|
| fixed length control field | nam a22 a 4500 |
| 005 - DATE AND TIME OF LATEST TRANSACTION | |
| control field | 20170512144246.0 |
| 008 - FIXED-LENGTH DATA ELEMENTS--GENERAL INFORMATION | |
| fixed length control field | 170509s1998 my ||||| |||| 00| 0 eng d |
| 040 ## - CATALOGING SOURCE | |
| Original cataloging agency | AKMAL |
| 082 ## - DEWEY DECIMAL CLASSIFICATION NUMBER | |
| Classification number | 343.5950503 AKT |
| 090 ## - LOCALLY ASSIGNED LC-TYPE CALL NUMBER (OCLC); LOCAL CALL NUMBER (RLIN) | |
| Classification number (OCLC) (R) ; Classification number, CALL (RLIN) (NR) | 343.5950503 |
| Local cutter number (OCLC) ; Book number/undivided call number, CALL (RLIN) | AKT |
| 110 1# - MAIN ENTRY--CORPORATE NAME | |
| Corporate name or jurisdiction name as entry element | Malaysia |
| 9 (RLIN) | 400 |
| 245 00 - TITLE STATEMENT | |
| Title | Akta Kastam 1967:perintah kastam (larangan mengenai import) 1998 [P.U. (A) 210/98] & perintah kastam ( larangan mengenai eksport) 1998 [P.U. (A) 211/98] |
| 260 ## - PUBLICATION, DISTRIBUTION, ETC. | |
| Place of publication, distribution, etc. | Kuala Lumpur ; |
| Name of publisher, distributor, etc. | Percetakan Nasional Berhad, |
| Date of publication, distribution, etc. | 1998. |
| 300 ## - PHYSICAL DESCRIPTION | |
| Extent | various paging; |
| Dimensions | 25cm |
| 546 ## - LANGUAGE NOTE | |
| Language note | Front Cover title- Customs Act 1967: customs ( prohibitions of imports) order 1998 [ P.U.(A) 210/98] & customs (prohibitions of exports) order 1998 [ P.U.(A) 211/98]. |
| 650 1# - SUBJECT ADDED ENTRY--TOPICAL TERM | |
| Topical term or geographic name entry element | Tariff |
| General subdivision | Law and legislation |
| Geographic subdivision | Malaysia |
| 9 (RLIN) | 20 |
| 650 2# - SUBJECT ADDED ENTRY--TOPICAL TERM | |
| Topical term or geographic name entry element | Customs administration |
| General subdivision | Law and legislation |
| Geographic subdivision | Malaysia |
| 9 (RLIN) | 2825 |
| 710 00 - ADDED ENTRY--CORPORATE NAME | |
| Corporate name or jurisdiction name as entry element | Malaysia |
| Subordinate unit | Kastam dan Eksais Diraja Malaysia |
| 9 (RLIN) | 2826 |
| 942 ## - ADDED ENTRY ELEMENTS (KOHA) | |
| Source of classification or shelving scheme | |
| Koha item type | Book |
| 950 ## - LOCAL HOLDINGS (RLIN) | |
| Permanent shelving location, LOC (RLIN) | AKMAL |
| Withdrawn status | Lost status | Source of classification or shelving scheme | Damaged status | Not for loan | Collection code | Home library | Current library | Shelving location | Date acquired | Inventory number | Total Checkouts | Full call number | Barcode | Date last seen | Price effective from | Koha item type |
|---|---|---|---|---|---|---|---|---|---|---|---|---|---|---|---|---|
| NON-FICTION | AKMAL Melaka | AKMAL Melaka | PINJAMAN | 09.05.2017 | 002893 | 343.5950503 AKT | 201702581 | 09.05.2017 | 09.05.2017 | Book | ||||||
| NON-FICTION | AKMAL Melaka | AKMAL Melaka | PINJAMAN | 09.05.2017 | 002894 | 343.5950503 AKT | 201702582 | 09.05.2017 | 09.05.2017 | Book | ||||||
| NON-FICTION | AKMAL Melaka | AKMAL Melaka | PINJAMAN | 09.05.2017 | 002895 | 343.5950503 AKT | 201702583 | 09.05.2017 | 09.05.2017 | Book |
